| 000 | 00968nam a22003497a 4500 | ||
|---|---|---|---|
| 001 | BR0600085 | ||
| 003 | BR-BrBNA | ||
| 005 | 20230928102048.0 | ||
| 007 | ta | ||
| 008 | 230509b bl.||||| |||| 00| 0 por d | ||
| 040 |
_aBR-BrBNA _bpor _cBiblioteca Nacional de Agricultura |
||
| 041 | _a(Por) | ||
| 072 |
_aE50; T10 _b8527 |
||
| 090 | _ 8527 BR0600085 | ||
| 100 | 1 | _aSebben, A. | |
| 100 | 1 | _aNeo, F. de A. | |
| 100 | 1 | _aNascimento, C.L.A. do | |
| 100 | 1 | _aBrandão, R.A. | |
| 100 | 1 | _aDuar, B.A. | |
| 245 | 1 | _aCartilha de ofidismo: cobras do Distrito Federal e entorno; indentificação, prevenção de acidentes e primeiros socorros | |
| 260 | 3 |
_aBrasília, DF (Brasil): _c1996. |
|
| 300 | _a36 p. | ||
| 500 | _a35 illus. | ||
| 650 | _aCOBRA | ||
| 650 | _aOFIDISMO | ||
| 650 | _aIDENTIFICAÇÃO | ||
| 650 | _aPREVENÇÃO DE ACIDENTE | ||
| 650 | _aSORO | ||
| 650 | _aDISTRITO FEDERAL | ||
| 909 |
_a202309 _bLucia _c55 _dLucia Elande |
||
| 942 | _cBK | ||
| 999 |
_c68956 _d68956 |
||